[Event "EU-ch 16th"]
[Site "Jerusalem"]
[Date "2015.03.06"]
[Round "10"]
[White "Iliaguev, Daniel"]
[Black "Landa, Alex"]
[Result "0-1"]
[WhiteElo "1813"]
[BlackElo "1905"]
[PlyCount "98"]
[EventDate "2015.02.24"]
[EventType "swiss"]
[EventRounds "11"]
[EventCountry "ISR"]
[SourceTitle "CBM 166"]
[Source "ChessBase"]
[SourceDate "2015.05.11"]
[SourceVersion "1"]
[SourceVersionDate "2015.05.11"]
[SourceQuality "1"]

1. e4 c5 2. Nf3 d6 3. d4 cxd4 4. Qxd4 a6 5. c4 Nc6 6. Qd2 Nf6 7. Nc3 g6 8. b3 Bg7 9. Bb2 0-0 10. Be2 b6 11. 0-0 Bb7 12. Bd3 e6 13. Bc2 Qc7 14. Rfd1 Rfd8 15. Ba3 Ne8 16. Rac1 Ne5 17. Nd4 Rac8 18. Bb1 Qb8 19. f4 Nd7 20. f5 Nf8 21. fxe6 fxe6 22. Nf3 Ba8 23. Ne2 d5 24. Qe3 Nf6 25. exd5 exd5 26. Bxf8 Kxf8 27. Ned4 Re8 28. Qd2 dxc4 29. bxc4 Qd6 30. Ng5 Kg8 31. Nde6 Qxd2 32. Rxd2 Bh6 33. Rf2 Ng4 34. Rfc2 Ne3 35. Rf2 Nxc4 36. Rd1 Ne3 37. Re1 Nxg2 38. Rd1 Ne3 39. Re1 Ng4 40. Rf4 Ne3 41. Rh4 Bxg5 42. Nxg5 Rc7 43. Rh3 Rce7 44. Ne4 Nd5 45. Rh4 Kg7 46. Rc1 b5 47. Kf2 Nf6 48. Ng3 h5 49. Rd4 Ng4+ 0-1

[Event "EU-ch 16th"]
[Site "Jerusalem"]
[Date "2015.03.02"]
[Round "6"]
[White "Mordechai, Hanan"]
[Black "Landa, Alex"]
[Result "1-0"]
[WhiteElo "2331"]
[BlackElo "1905"]
[PlyCount "47"]
[EventDate "2015.02.24"]
[EventType "swiss"]
[EventRounds "11"]
[EventCountry "ISR"]
[SourceTitle "CBM 166"]
[Source "ChessBase"]
[SourceDate "2015.05.11"]
[SourceVersion "1"]
[SourceVersionDate "2015.05.11"]
[SourceQuality "1"]

1. Nf3 d5 2. g3 c6 3. Bg2 Nf6 4. 0-0 e6 5. d3 Be7 6. Nbd2 0-0 7. e4 dxe4 8. dxe4 Nbd7 9. e5 Ne8 10. Ne4 Qa5 11. Bf4 b6 12. c4 Nc5 13. Nd4 Bb7 14. Qc2 Rc8 15. Ng5 g6 16. Rfd1 b5 17. cxb5 Rc7 18. bxc6 Ba8 19. a3 Qb6 20. b4 Na6 21. Ne4 Nb8 22. b5 a5 23. a4 Ng7 24. Be3 1-0